|
|
|
|
| LEADER |
00000nam0a2200000 4500 |
| 001 |
223066 |
| 005 |
20231101230512.0 |
| 010 |
|
|
|a 9785939729338
|
| 035 |
|
|
|a (RuTPU)RU\TPU\book\243299
|
| 090 |
|
|
|a 223066
|
| 100 |
|
|
|a 20121004d2012 k y0rusy50 ca
|
| 101 |
0 |
|
|a rus
|
| 102 |
|
|
|a RU
|
| 105 |
|
|
|a a z 001zy
|
| 200 |
1 |
|
|a Метод электрических изображений в задачах и экспериментах
|e монография
|f В. А. Саранин
|
| 205 |
|
|
|a 2-е изд., испр. и доп.
|
| 210 |
|
|
|a Ижевск
|a Москва
|c Регулярная и хаотическая динамика
|d 2012
|
| 215 |
|
|
|a 126 с.
|c ил.
|
| 320 |
|
|
|a Библиография в конце глав.
|
| 330 |
|
|
|a В книге рассмотрены задачи различного уровня сложности, решение которых, так или иначе, основывается на методе электрических изображений. Особое внимание уделено задачам о взаимодействии заряженного шарика с проводящей плоскостью и двух проводящих заряженных шаров. Большинство задач оригинальны и впервые на достаточно строгом математическом уровне рассмотрены автором. Ряд задач имеет непосредственное отношение к природным (проблема шаровой молнии) или технологическим (использование заряженных капель в различных устройствах) процессам. Представлены результаты оригинальных экспериментов по исследованию электростатического взаимодействия в системах с наличием электрических изображений. Некоторые результаты публикуются впервые. Книга предназначена широкому кругу физиков (от студентов до преподавателей и специалистов).
|
| 606 |
1 |
|
|a Электрических изображений метод
|2 stltpush
|3 (RuTPU)RU\TPU\subj\71960
|9 85616
|
| 610 |
1 |
|
|a проводящие пластины
|
| 610 |
1 |
|
|a диэлектрические пластины
|
| 610 |
1 |
|
|a заряженные шары
|
| 610 |
1 |
|
|a шаровые молнии
|
| 610 |
1 |
|
|a магнитостатика
|
| 610 |
1 |
|
|a задачи
|
| 610 |
1 |
|
|a эксперименты
|
| 675 |
|
|
|a 537.2
|v 3
|
| 700 |
|
1 |
|a Саранин
|b В. А.
|g Владимир Александрович
|
| 801 |
|
1 |
|a RU
|b 63413507
|c 20121004
|
| 801 |
|
2 |
|a RU
|b 63413507
|c 20121126
|g RCR
|
| 942 |
|
|
|c BK
|
| 959 |
|
|
|a 124/20121004
|d 1
|e 128,00
|f ЧЗТЛ:1
|